Coastal Risk: Shores and Deltas in Peril (Record no. 28270)
[ view plain ]
| 000 -LEADER | |
|---|---|
| fixed length control field | 00556nam a2200133Ia 4500 |
| 008 - FIXED-LENGTH DATA ELEMENTS--GENERAL INFORMATION | |
| fixed length control field | 220620s9999||||xx |||||||||||||| ||und|| |
| 020 ## - INTERNATIONAL STANDARD BOOK NUMBER | |
| International Standard Book Number | 9782890000000 |
| 245 #0 - TITLE STATEMENT | |
| Title | Coastal Risk: Shores and Deltas in Peril |
| 546 ## - LANGUAGE NOTE | |
| Language note | English[eng] |
| 650 ## - SUBJECT ADDED ENTRY--TOPICAL TERM | |
| Topical term or geographic name entry element | coastal||erosion||flooding||storms||restoration||sea-level rise||morphodynamics||ecosystem services |
| 700 ## - ADDED ENTRY--PERSONAL NAME | |
| Personal name | Armaroli, Clara||Jackson, Derek W. T.||Reed, Denise||Viavattene, Christophe |
| 856 ## - ELECTRONIC LOCATION AND ACCESS | |
| Uniform Resource Identifier | <a href="https://www.frontiersin.org/research-topics/8392/coastal-risk-shores-and-deltas-in-peril">https://www.frontiersin.org/research-topics/8392/coastal-risk-shores-and-deltas-in-peril</a> |
| 942 ## - ADDED ENTRY ELEMENTS (KOHA) | |
| Koha item type | E-Books |
| Withdrawn status | Lost status | Damaged status | Not for loan | Home library | Current library | Date acquired | Total Checkouts | Date last seen | Price effective from | Koha item type |
|---|---|---|---|---|---|---|---|---|---|---|
| Kerala University of Digital Sciences, Innovation and Technology Knowledge Centre | Kerala University of Digital Sciences, Innovation and Technology Knowledge Centre | 20/06/2022 | 20/06/2022 | 20/06/2022 | E-Books |